[Event "56th World U20 ch"]
[Site "Tarvisio ITA"]
[Date "2017.11.20"]
[Round "7.20"]
[White "Narayanan, Sunilduth Lyna"]
[Black "Petrov, Martin"]
[Result "1/2-1/2"]
[WhiteElo "2585"]
[BlackElo "2431"]
[EventDate "2017.11.13"]
[PlyCount "109"]

1.d4 Nf6 2.c4 e6 3.Nf3 b6 4.g3 Ba6 5.b3 Bb4+ 6.Bd2 Be7 7.Nc3 O-O 8.e4 d5 
9.cxd5 Bxf1 10.Kxf1 exd5 11.e5 Ne4 12.Kg2 c5 13.Qe2 Nxc3 14.Bxc3 Qd7 15.
Rad1 Nc6 16.Rhe1 Qe6 17.Qd3 Rfd8 18.Ng1 cxd4 19.Bxd4 Rac8 20.Re2 Bc5 21.
Nf3 Bxd4 22.Nxd4 Nxd4 23.Qxd4 h6 24.h3 Rc5 25.Qg4 Qxg4 26.hxg4 Kf8 27.f4 
Ke7 28.Rd4 a5 29.f5 b5 30.Kf2 b4 $11 31.Red2 f6 32.e6 Rd6 33.Kg2 Rd8 34.
Kh3 g6 35.fxg6 Kxe6 36.Re2+ Kd7 37.Rf4 Rc6 38.Rf5 Rd6 39.Kh4 d4 40.Rxa5 d3
41.Rd2 Ke6 42.Rf5 Rc6 43.Rf3 Ke7 44.Rdxd3 Rxd3 45.Rxd3 Rc2 46.Kh3 Kf8 47.
Rd7 Rxa2 48.Rf7+ Kg8 49.Rxf6 Rb2 50.Rb6 Rxb3 51.g5 hxg5 52.Rb7 Rc3 53.Kg4 
b3 54.g7 Kh7 55.Kxg5 1/2-1/2

[Event "56th World U20 ch"]
[Site "Tarvisio ITA"]
[Date "2017.11.20"]
[Round "7.21"]
[White "Kevlishvili, Robby"]
[Black "Pichot, Alan"]
[Result "1-0"]
[WhiteElo "2445"]
[BlackElo "2568"]
[EventDate "2017.11.13"]
[PlyCount "151"]

1.e4 c5 2.Nf3 e6 3.d4 cxd4 4.Nxd4 a6 5.c4 Nf6 6.Nc3 Qc7 7.a3 b6 8.Be3 Bb7 
9.f3 Be7 10.Be2 O-O 11.Rc1 d6 12.O-O Nbd7 13.Qe1 Rac8 14.g4 Qd8 15.h4 Ne5 
16.g5 Nxc4 17.Bxc4 Rxc4 18.gxf6 Bxf6 19.Qd2 d5 20.exd5 Bxd5 21.Nxd5 Qxd5 
22.Rxc4 Qxc4 23.Rc1 Qd5 24.Qf2 Kh8 25.Ne2 Qh5 26.Nf4 Qe5 27.Rc3 h6 28.Ng2 
Rd8 29.Qe2 b5 30.Rc2 Qf5 31.Bf2 Be5 32.Bb6 Rb8 33.Ba7 Rd8 34.Bb6 Rd6 35.
Bc5 Rc6 36.Ne3 Qf4 37.b4 Qxh4 38.Rd2 Bf4 39.Rd7 e5 40.Rd6 Qg5+ 41.Ng2 Rxd6
42.Bxd6 Bg3 43.Qd1 Qh5 44.Bc5 Kh7 45.Qd3+ f5 46.Bf2 Bh2+ 47.Kf1 Qh3 48.Qd5
Bf4 49.Bg1 Bc1 50.Kf2 Bb2 51.Ne3 Qh5 52.Ke2 Qg6 53.Kf1 f4 54.Ng4 Qf5 55.
Qb3 h5 56.Nf2 Bd4 57.Ne4 Qh3+ 58.Ke2 Qg2+ 59.Bf2 Bxf2 60.Nxf2 Qg6 61.Qc3 
Qf5 62.Qc6 h4 $11 63.Kf1 Qb1+ 64.Kg2 Qf5 65.Qxa6 Qg5+ 66.Kf1 Qg3 67.Qxb5 
h3 68.Qxe5 h2 69.Qh5+ Kg8 70.Ke2 Qg1 71.Qd5+ Kh8 72.Qd1 h1=Q 73.Nxh1 Qe3+ 
74.Kf1 Qxa3 75.Qd8+ Kh7 76.Qh4+ 1-0

[Event "56th World U20 ch"]
[Site "Tarvisio ITA"]
[Date "2017.11.20"]
[Round "7.22"]
[White "Donchenko, Alexander"]
[Black "Peng Xiongjian"]
[Result "1/2-1/2"]
[WhiteElo "2567"]
[BlackElo "2412"]
[EventDate "2017.11.13"]
[PlyCount "61"]

1.d4 d5 2.c4 c6 3.Nf3 Nf6 4.Nc3 dxc4 5.a4 Bf5 6.Ne5 Na6 7.e3 Nb4 8.Bxc4 e6
9.O-O Bd6 10.Qe2 h6 11.e4 Bh7 12.h3 O-O 13.Nf3 Bc7 14.b3 Re8 15.Ba3 Ba5 
16.Rac1 a6 17.Bxb4 Bxb4 18.e5 Nd5 19.Nxd5 cxd5 20.Bd3 Bxd3 21.Qxd3 Rc8 22.
Rc2 Re7 23.Rfc1 Rec7 24.Kf1 Ba3 25.Rxc7 Rxc7 26.Rc2 Qc8 27.Ne1 Rxc2 28.
Nxc2 Bb2 29.Ke2 Kf8 30.Kd2 Qc6 31.g4 $11 1/2-1/2

[Event "56th World U20 ch"]
[Site "Tarvisio ITA"]
[Date "2017.11.20"]
[Round "7.23"]
[White "Vaibhav, Suri"]
[Black "Keymer, Vincent"]
[Result "1-0"]
[WhiteElo "2560"]
[BlackElo "2405"]
[EventDate "2017.11.13"]
[PlyCount "79"]

1.d4 d5 2.c4 c6 3.Nf3 Nf6 4.g3 Bf5 5.Nc3 e6 6.Nh4 Be4 7.f3 Bg6 8.Qb3 Qc8 
9.Nxg6 hxg6 10.e4 dxe4 11.fxe4 e5 12.dxe5 Nfd7 13.e6 fxe6 14.Bg5 Nc5 15.
Qc2 e5 16.Be2 Nba6 17.a3 Ne6 18.Bg4 Nd4 19.Qd1 Qc7 20.O-O Be7 21.Be3 Rd8 
22.b4 Bf6 23.c5 Qf7 24.Qb1 O-O 25.Ne2 Rfe8 26.Bxd4 exd4 27.Qd3 Nc7 28.Nf4 
Re5 29.Qf3 Qe8 30.Rae1 Nb5 31.Qb3+ Kh8 32.Be6 Rg5 33.h4 Re5 34.Bf7 Qd7 35.
Nxg6+ Kh7 36.Nxe5 Bxe5 37.Rf5 g6 38.Bxg6+ Kxg6 39.Qf3 Qe6 40.Qg4+ 1-0

[Event "56th World U20 ch"]
[Site "Tarvisio ITA"]
[Date "2017.11.20"]
[Round "7.24"]
[White "Sanal, Vahap"]
[Black "Bakhmatsky, Vladislav"]
[Result "1-0"]
[WhiteElo "2557"]
[BlackElo "2404"]
[EventDate "2017.11.13"]
[PlyCount "89"]

1.Nf3 Nf6 2.g3 g6 3.b3 Bg7 4.Bb2 O-O 5.Bg2 d5 6.c4 Nc6 7.O-O d4 8.b4 d3 9.
b5 Nb4 10.a3 dxe2 11.Qxe2 Qd3 12.Re1 Qxe2 13.Rxe2 Nd3 14.Bd4 Be6 15.Nc3 
Rad8 16.Re3 Nb2 17.Bf1 Ng4 18.Re4 Nf6 19.Re3 Ng4 20.Bxg7 Kxg7 21.Re4 Nf6 
22.Rxe6 fxe6 23.Ng5 Rxd2 24.Nxe6+ Kf7 25.Nxf8 Kxf8 26.Ra2 Nd7 27.Na4 Nxa4 
28.Rxd2 Nac5 29.f4 Ke8 30.Kg2 e6 31.Kf3 Ke7 32.Rd1 Nf6 33.Be2 Ne8 34.Ke3 
Nd6 35.g4 b6 36.Rh1 Kf6 37.h4 e5 38.fxe5+ Kxe5 39.Rf1 Nd7 40.Bd3 Ke6 41.
Kd4 Nc5 42.Rf8 Nf7 43.Be2 a5 44.bxa6 Nxa6 45.c5 1-0

[Event "56th World U20 ch"]
[Site "Tarvisio ITA"]
[Date "2017.11.20"]
[Round "7.25"]
[White "Vrolijk, Liam"]
[Black "Sarana, Alexei"]
[Result "1/2-1/2"]
[WhiteElo "2425"]
[BlackElo "2543"]
[EventDate "2017.11.13"]
[PlyCount "61"]

1.d4 Nf6 2.c4 e6 3.Nf3 d5 4.Nc3 c5 5.cxd5 Nxd5 6.e4 Nxc3 7.bxc3 cxd4 8.
cxd4 Bb4+ 9.Bd2 Bxd2+ 10.Qxd2 O-O 11.Bc4 Nd7 12.O-O b6 13.Rfe1 Bb7 14.Rad1
Rc8 15.Bb3 Nf6 16.Qf4 Qc7 17.Qxc7 Rxc7 18.d5 exd5 19.exd5 Rd7 20.Ne5 Rd6 
21.Nc6 a6 22.Re7 Nd7 23.Rde1 b5 24.Nd4 g6 25.Ne6 fxe6 26.dxe6 Nc5 27.Rxb7 
Nxb7 28.e7+ Kg7 29.exf8=Q+ Kxf8 30.Rc1 Na5 31.Kf1 $11 1/2-1/2

[Event "56th World U20 ch"]
[Site "Tarvisio ITA"]
[Date "2017.11.20"]
[Round "7.26"]
[White "Tin Jingyao"]
[Black "Van Foreest, Lucas"]
[Result "1-0"]
[WhiteElo "2404"]
[BlackElo "2474"]
[EventDate "2017.11.13"]
[PlyCount "149"]

1.d4 Nf6 2.c4 e6 3.Nc3 Bb4 4.e3 O-O 5.Ne2 c6 6.a3 Ba5 7.b4 Bc7 8.Ng3 d5 9.
Bb2 Nbd7 10.f4 dxc4 11.Bxc4 Nb6 12.Bd3 Nbd5 13.Qe2 b5 14.O-O a5 15.bxa5 
Bxa5 16.Nce4 Bb6 17.Rac1 Nxe4 18.Nxe4 b4 19.axb4 Ra2 20.Nc5 Nxe3 21.Qxe3 
Rxb2 22.Rb1 Rxb1 23.Rxb1 g6 24.Be4 Qd6 25.Rd1 Bd7 26.Bf3 Ra8 27.Qe5 Qxe5 
28.fxe5 Be8 29.b5 Rd8 30.bxc6 Rxd4 31.Rc1 Rf4 32.h3 Rf5 33.Kh1 Rxe5 34.Nd3
Re3 35.c7 Bd7 36.c8=Q+ Bxc8 37.Rxc8+ Kg7 38.Nf4 Re1+ 39.Kh2 e5 40.Nd3 Re3 
41.Nc5 Re1 42.g4 Ra1 43.Rc6 Ba7 44.Be4 Re1 45.Bg2 Ra1 46.h4 Ra5 47.Ne4 Be3
48.Bf1 Ra2+ 49.Kg3 Bf4+ 50.Kf3 Rh2 51.Rc7 Rh1 52.Bc4 Rh3+ 53.Kf2 Rh2+ 54.
Kg1 Rxh4 55.Rxf7+ Kh8 56.Be6 h5 57.Nf6 hxg4 58.Nxg4 Bg5 59.Nxe5 Rh6 60.Rb7
Bf6 61.Nf7+ Kg7 62.Nxh6+ Kxh6 63.Kg2 Kg5 64.Kf3 Be5 65.Ke4 Bc3 66.Rb6 Kf6 
67.Bf5+ Ke7 68.Bxg6 Kd7 69.Kd5 Ke7 70.Re6+ Kf8 71.Ke4 Kg7 72.Kf5 Bb4 73.
Rb6 Bc5 74.Rb7+ Kh6 75.Rh7# 1-0

[Event "56th World U20 ch"]
[Site "Tarvisio ITA"]
[Date "2017.11.20"]
[Round "7.27"]
[White "Jarmula, Lukasz"]
[Black "Wang Tongsen"]
[Result "1/2-1/2"]
[WhiteElo "2470"]
[BlackElo "2396"]
[EventDate "2017.11.13"]
[PlyCount "87"]

1.d4 d5 2.c4 c6 3.cxd5 cxd5 4.Bf4 Nc6 5.e3 Nf6 6.Nc3 Bf5 7.Nf3 Qb6 8.Qb3 
Qxb3 9.axb3 a6 10.Ne5 Rc8 11.Nxc6 Rxc6 12.b4 e5 13.b5 Rxc3 14.bxc3 exf4 
15.bxa6 bxa6 16.Rxa6 fxe3 17.Bb5+ Bd7 18.Ra8+ Ke7 19.Bxd7 Nxd7 20.fxe3 g6 
21.O-O Bg7 22.Ra5 Rc8 23.Rxd5 Bh6 24.Rf3 Rxc3 25.Kf2 f5 26.Ke2 Nf6 27.Rc5 
Rxc5 28.dxc5 Bf8 29.Rf1 Kd7 30.h3 Bxc5 31.g4 Ke6 32.gxf5+ gxf5 33.Rc1 Ne4 
34.Ra1 Kf6 35.h4 Kg6 36.Kf3 Be7 37.Ra6+ Bd6 38.Ra5 Kf6 39.Ra4 Nc5 40.Ra5 
Nd7 41.e4 f4 42.Rh5 Nf8 43.Rf5+ Ke6 44.Rxf8 1/2-1/2

[Event "56th World U20 ch"]
[Site "Tarvisio ITA"]
[Date "2017.11.20"]
[Round "7.28"]
[White "Micottis, Dorian"]
[Black "Livaic, Leon"]
[Result "0-1"]
[WhiteElo "2273"]
[BlackElo "2470"]
[EventDate "2017.11.13"]
[PlyCount "72"]

1.e4 c5 2.Nf3 d6 3.d4 cxd4 4.Nxd4 Nf6 5.Nc3 a6 6.f4 Qc7 7.f5 e5 8.fxe6 
fxe6 9.g4 d5 10.exd5 Bb4 11.Bd2 O-O 12.Nxe6 Bxe6 13.dxe6 Qc6 14.Rg1 Qxe6+ 
15.Qe2 Qb6 16.Qc4+ Kh8 17.Rg2 Re8+ 18.Be2 Nc6 19.O-O-O Rac8 20.g5 Bxc3 21.
Bxc3 Ne4 22.Bxg7+ Kxg7 23.Rd7+ Kh8 24.Rxh7+ Kxh7 25.Qf7+ Kh8 26.Qh5+ Kg7 
27.Qh6+ Kf7 28.Qh7+ Kf8 29.Qf5+ Kg7 30.Qd7+ Re7 31.Qxc8 Qe3+ 32.Kb1 Nd2+ 
33.Ka1 Nb3+ 34.axb3 Qc1+ 35.Ka2 Nb4+ 36.Ka3 Nxc2+ 0-1

[Event "56th World U20 ch"]
[Site "Tarvisio ITA"]
[Date "2017.11.20"]
[Round "7.29"]
[White "Sosa, Tomas"]
[Black "Percivaldi, Martin"]
[Result "1-0"]
[WhiteElo "2469"]
[BlackElo "2388"]
[EventDate "2017.11.13"]
[PlyCount "131"]

1.e4 e6 2.d4 d5 3.Nd2 Be7 4.e5 c5 5.c3 cxd4 6.cxd4 Nc6 7.Ndf3 Bb4+ 8.Bd2 
Qb6 9.Bxb4 Nxb4 10.Ne2 Bd7 11.Nc3 Ne7 12.Be2 Nbc6 13.O-O Nf5 14.Na4 Qa5 
15.b3 h5 16.a3 Rc8 17.b4 Qd8 18.Nc5 b6 19.Nxd7 Qxd7 20.Bb5 O-O 21.Qa4 Nfe7
22.Rfc1 a5 23.bxa5 bxa5 24.Qxa5 Nxa5 25.Bxd7 Rxc1+ 26.Rxc1 Nf5 27.a4 Nb3 
28.Rc7 Ra8 29.Ng5 Nbxd4 30.g3 Nh6 31.Kg2 g6 32.h3 Kf8 33.Nh7+ Kg7 34.Nf6 
Nhf5 35.Be8 Nh6 36.g4 hxg4 37.hxg4 g5 38.Bd7 Rb8 39.Ra7 Rb2 40.a5 Ne2 41.
Nh5+ Kg8 42.a6 Nxg4 43.Rb7 Ra2 44.Rb4 Nf4+ 45.Nxf4 Rxa6 46.Nd3 Nh6 47.Nc5 
Ra2 48.Bb5 Kg7 49.Bd3 Ra5 50.Nb3 Ra3 51.Bb1 Ra7 52.Nd4 Rc7 53.Nf3 f6 54.
Rb6 Re7 55.Nd4 Kf7 56.Ba2 Ng4 57.Nxe6 Nxe5 58.Bxd5 Kg6 59.Be4+ Kf7 60.Bf5 
Nd7 61.Ra6 Ne5 62.Nd8+ Kg7 63.Kg3 Nc4 64.Ra8 Nb6 65.Ne6+ Rxe6 66.Ra7+ 1-0

[Event "56th World U20 ch"]
[Site "Tarvisio ITA"]
[Date "2017.11.20"]
[Round "7.30"]
[White "Morozov, Nichita"]
[Black "Zhao Yuanhe"]
[Result "0-1"]
[WhiteElo "2467"]
[BlackElo "2377"]
[EventDate "2017.11.13"]
[PlyCount "60"]

1.d4 Nf6 2.c4 g6 3.f3 d5 4.cxd5 Nxd5 5.e4 Nb6 6.Nc3 Bg7 7.Be3 O-O 8.Qd2 f5
9.O-O-O fxe4 10.fxe4 Nc6 11.Nf3 Bg4 12.Be2 Bxf3 13.gxf3 e5 14.d5 Nd4 15.
Rdf1 Qd6 16.h4 h5 17.Nb5 Nxb5 18.Bxb5 Rf7 19.Kb1 Rd8 20.Qc1 a6 21.Be2 Nd7 
22.Rfg1 Kh7 23.Rg3 Rc8 24.Rhg1 Rf6 25.Bf1 c5 26.Bh3 Rc7 27.Bg5 Nf8 28.Bxf6
Bxf6 29.Qd1 Rg7 30.Rf1 b5 {...76 moves} 0-1

[Event "56th World U20 ch"]
[Site "Tarvisio ITA"]
[Date "2017.11.20"]
[Round "7.31"]
[White "Tutisani, Noe"]
[Black "Bilguun, Sumiya"]
[Result "1/2-1/2"]
[WhiteElo "2361"]
[BlackElo "2460"]
[EventDate "2017.11.13"]
[PlyCount "117"]

1.e4 c5 2.Nf3 e6 3.d4 cxd4 4.Nxd4 a6 5.Bd3 g6 6.O-O Bg7 7.Nb3 d6 8.a4 b6 
9.N1d2 Ne7 10.f4 O-O 11.a5 b5 12.c4 b4 13.Nf3 Nd7 14.Qe2 Nc6 15.Be3 Bb7 
16.Rfd1 Qe7 17.Rd2 e5 18.Rad1 exf4 19.Bxf4 Nde5 20.Bb1 Rfd8 21.Be3 Qe6 22.
Rd5 Rd7 23.Ng5 Qg4 24.Qf2 h6 25.h3 Qh5 26.Nf3 Nxf3+ 27.Qxf3 Qxf3 28.gxf3 
Ne5 29.Rxd6 Rxd6 30.Rxd6 Nxc4 31.Rd7 Bc6 32.Rc7 Bb5 33.Bc5 Rd8 34.Kf2 Nxb2
35.Bxb4 Nd3+ 36.Bxd3 Rxd3 37.Rc8+ Kh7 38.Nd2 Bd4+ 39.Kg2 Re3 40.f4 Re2+ 
41.Kg3 h5 42.h4 Bd7 43.Rc7 Bf2+ 44.Kg2 Bxh4+ 45.Kf1 Bb5 46.Kg1 Be1 47.
Rxf7+ Kg8 48.Rf8+ Kg7 49.Rd8 h4 50.Bf8+ Kf6 51.Nf3 Bf2+ 52.Kh1 Rxe4 53.Bh6
Bc6 54.Kh2 Re2 55.Rd6+ Re6 56.Bg5+ Kf7 57.Bxh4 Bxh4 58.Rxe6 Kxe6 59.Nxh4 
1/2-1/2

[Event "56th World U20 ch"]
[Site "Tarvisio ITA"]
[Date "2017.11.20"]
[Round "7.32"]
[White "Zhu Yi"]
[Black "Macovei, Andrei"]
[Result "1/2-1/2"]
[WhiteElo "2432"]
[BlackElo "2343"]
[EventDate "2017.11.13"]
[PlyCount "126"]

1.d4 Nf6 2.c4 e6 3.g3 c5 4.Nf3 cxd4 5.Nxd4 d5 6.Bg2 e5 7.Nf3 d4 8.O-O Nc6 
9.e3 Be7 10.exd4 exd4 11.Bf4 Be6 12.Ne5 Rc8 13.Nxc6 bxc6 14.Be5 d3 15.Nd2 
O-O 16.Bc3 Qb6 17.Ne4 Nxe4 18.Bxe4 Rfd8 19.Qh5 h6 20.Rad1 Bb4 21.Bxd3 Bxc3
22.bxc3 Qa6 23.Qh4 Qa5 24.Bb1 h5 25.Rd4 Rxd4 26.Qxd4 Rd8 27.Qe4 g6 28.Qh4 
Kg7 29.Re1 Rd7 30.Qf4 Qxc3 31.Rc1 Qd4 32.Qxd4+ Rxd4 33.c5 Bd5 34.Kf1 Rd2 
35.Ke1 Rb2 36.a3 Kf6 37.Bd3 g5 38.h4 g4 39.Bc4 Bf3 40.Rc3 a5 41.Rc1 Kg7 
42.Rc3 f5 43.Re3 Rc2 44.Bb3 Rxc5 45.Kd2 Be4 46.a4 Kf6 47.Re1 Ke5 48.Bf7 
Rc2+ 49.Ke3 Rc3+ 50.Ke2 Bd3+ 51.Ke3 Be4+ 52.Ke2 Ra3 53.Bxh5 Rxa4 54.Be8 
Rb4 55.Rc1 Rb8 56.Bf7 a4 57.Ra1 Ra8 58.Ra3 Ra7 59.Bg8 Ra8 60.Bf7 Kd4 61.h5
Kc5 62.Ke3 Kb4 63.Ra1 a3 {... 94 moves} 1/2-1/2

[Event "56th World U20 ch"]
[Site "Tarvisio ITA"]
[Date "2017.11.20"]
[Round "7.33"]
[White "Ladva, Ottomar"]
[Black "Zuo Yifan"]
[Result "1-0"]
[WhiteElo "2543"]
[BlackElo "2346"]
[EventDate "2017.11.13"]
[PlyCount "125"]

1.Nf3 d5 2.g3 Nf6 3.Bg2 c6 4.c4 Bf5 5.Qb3 Qb6 6.d3 e6 7.Be3 Qxb3 8.axb3 a6
9.Nh4 Bg6 10.h3 Nbd7 11.g4 Bd6 12.f4 h5 13.g5 Ng8 14.cxd5 cxd5 15.Nc3 Rc8 
16.O-O Ne7 17.Bd4 O-O 18.e4 Nc6 19.Bf2 dxe4 20.Nxg6 fxg6 21.Bxe4 Bxf4 22.
Bxg6 Nde5 23.Be4 Bxg5 24.Kg2 Nd7 25.d4 Nf6 26.Bf3 Rfd8 27.Rad1 Nb4 28.Rfe1
Nbd5 29.Re5 Bh6 30.Kg1 Nxc3 31.bxc3 Rxc3 32.Bxb7 Rd6 33.b4 Rb6 34.Bg2 Bf4 
35.Rc5 Rb3 36.d5 Rd6 37.Rc8+ Kh7 38.Bc5 exd5 39.Bxd6 Bxd6 40.Bxd5 Rg3+ 41.
Kf2 Rxh3 42.Bg8+ Nxg8 43.Rxd6 Rb3 44.Rc4 Nf6 45.Rxa6 Ng4+ 46.Ke1 Ne5 47.
Re4 Nd3+ 48.Kd2 Nxb4 49.Rd6 Na2 50.Kc2 Rg3 51.Rc4 g6 52.Rd2 Kh6 53.Kb2 Rg4
54.Rxg4 hxg4 55.Kxa2 Kg5 56.Kb2 g3 57.Kc2 Kg4 58.Kd1 Kh3 59.Ke1 g2 60.Kf2 
Kh2 61.Kf3 Kh1 62.Rxg2 g5 63.Rxg5 1-0

[Event "56th World U20 ch"]
[Site "Tarvisio ITA"]
[Date "2017.11.20"]
[Round "7.34"]
[White "Vykouk, Jan"]
[Black "Timerkhanov, Alexander"]
[Result "1/2-1/2"]
[WhiteElo "2430"]
[BlackElo "2312"]
[EventDate "2017.11.13"]
[PlyCount "119"]

1.e4 c5 2.Nf3 b6 3.d4 cxd4 4.Nxd4 Bb7 5.Nc3 a6 6.Be3 e6 7.f3 Qc7 8.Qd2 Nf6
9.g4 Bb4 10.g5 Nh5 11.a3 Bxc3 12.Qxc3 Qxc3+ 13.bxc3 d5 14.Rb1 Nd7 15.exd5 
Bxd5 16.c4 Bb7 17.c5 Nxc5 18.Rxb6 Rc8 19.Be2 O-O 20.Kf2 f6 21.Bc4 Kh8 22.
Nb3 Ne4+ 23.fxe4 Bxe4 24.Be2 fxg5+ 25.Ke1 Bxh1 26.Bxh5 Rxc2 27.Be2 Bd5 28.
Nd4 Ra2 29.Bxg5 Rxa3 30.Nxe6 Ra1+ 31.Kd2 Ra2+ 32.Kd1 Re8 33.Nf4 h6 34.Ng6+
Kh7 35.Be7 Rc8 36.Nf4 Be4 37.Rxa6 Rxa6 38.Bxa6 Ra8 39.Be2 Ra1+ 40.Kd2 Rh1 
41.h4 g5 $10 42.hxg5 hxg5 43.Bxg5 Ra1 44.Ke3 Bg6 45.Be7 Ra8 46.Nd5 Bf7 47.
Bd3+ Bg6 48.Bb5 Bf7 49.Nf6+ Kg7 50.Ne4 Be8 $10 51.Bc4 Bf7 52.Bb5 Be8 53.
Bd3 Bg6 54.Bf6+ Kg8 55.Bd4 Bxe4 56.Bc5 Kf7 57.Kxe4 Ra4+ 58.Kd5 Ra5 59.Bc4 
Rxc5+ 60.Kxc5+ 1/2-1/2

[Event "56th World U20 ch"]
[Site "Tarvisio ITA"]
[Date "2017.11.20"]
[Round "7.35"]
[White "Xu Yining"]
[Black "Gomez Sanchez, Jorge Marcos"]
[Result "1-0"]
[WhiteElo "2321"]
[BlackElo "2426"]
[EventDate "2017.11.13"]
[PlyCount "47"]

1.e4 c5 2.Nf3 e6 3.d4 cxd4 4.Nxd4 Qb6 5.Nb3 Qc7 6.Nc3 Nc6 7.Bd3 Nf6 8.f4 
d6 9.O-O a6 10.Qf3 Rb8 11.Kh1 b5 12.a3 Bb7 13.Bd2 Be7 14.Rae1 O-O 15.Qh3 
Rfd8 16.f5 exf5 17.Nd5 Nxd5 18.exd5 Ne5 19.Ba5 Nxd3 20.Bxc7 Nxe1 21.Rxe1 
Bf6 22.Bxb8 Rxb8 23.Qxf5 Rd8 24.Qd7 1-0

[Event "56th World U20 ch"]
[Site "Tarvisio ITA"]
[Date "2017.11.20"]
[Round "7.36"]
[White "Rakotomaharo, Fy Antenaina"]
[Black "Chen, Richard"]
[Result "1-0"]
[WhiteElo "2414"]
[BlackElo "2309"]
[EventDate "2017.11.13"]
[PlyCount "80"]

1.d4 d5 2.c4 e6 3.Nc3 c6 4.e3 Nf6 5.Nf3 Nbd7 6.Qc2 Bd6 7.b3 O-O 8.Bb2 Qe7 
9.Be2 b6 10.O-O Bb7 11.Rad1 Rfe8 12.Rfe1 Rad8 13.g3 c5 14.cxd5 exd5 15.Bf1
Rc8 16.dxc5 Bxc5 17.Qb1 Bb4 18.Qa1 Ne4 19.Rc1 Ndf6 20.Bh3 Rc5 21.a3 Bxc3 
22.Bxc3 Nxc3 23.Rxc3 Ne4 24.Rcc1 Rxc1 25.Qxc1 Qf6 26.Bg2 Rc8 27.Qa1 Rc3 
28.Qa2 Rc7 29.Nd4 Ba6 30.f3 Nc3 $11 31.Qd2 Qd6 32.Ra1 Nb5 33.Nxb5 Bxb5 34.
f4 Bc6 35.Rc1 Rd7 36.Qd4 h6 37.b4 Bb7 38.Rd1 b5 39.Bh3 Re7 40.Re1 g6 {... 
75 moves} 1-0

[Event "56th World U20 ch"]
[Site "Tarvisio ITA"]
[Date "2017.11.20"]
[Round "7.37"]
[White "Kumar, Gaurav"]
[Black "Acosta, Pablo Ismael"]
[Result "0-1"]
[WhiteElo "2297"]
[BlackElo "2402"]
[EventDate "2017.11.13"]
[PlyCount "104"]

1.e4 c5 2.Nf3 e6 3.d4 cxd4 4.Nxd4 Nc6 5.Nc3 Qc7 6.Be3 a6 7.Qd2 Nf6 8.O-O-O
Bb4 9.f3 Ne7 10.Nde2 d5 11.Bg5 dxe4 12.Bxf6 gxf6 13.Qd4 Bxc3 14.Nxc3 Qf4+ 
15.Kb1 Nc6 16.Qa4 O-O 17.Nxe4 Qe5 18.g3 b5 19.Qa3 f5 20.Nd6 b4 21.Qd3 a5 
22.f4 Qc5 23.Qb5 Qxb5 24.Nxb5 Rb8 25.Nd6 Ne7 26.Bg2 Ba6 27.Rd4 Kg7 28.Rhd1
h5 29.b3 h4 30.a3 $11 Kf6 31.axb4 axb4 32.Nc4 Bxc4 33.Rxc4 hxg3 34.hxg3 
Rg8 35.Rd3 Rg7 36.Kb2 Rbg8 37.Rxb4 Rxg3 38.Rxg3 Rxg3 39.Ba8 Ng6 40.Rd4 Rg4
41.b4 Nxf4 42.b5 e5 43.Rc4 Rg8 44.Bc6 e4 45.Rd4 Ke5 46.Rd7 Ne6 47.Kc3 f4 
48.Rd5+ Kf6 49.b6 f3 50.b7 e3 51.Bb5 Nc7 52.Rd6+ Ke5 0-1

[Event "56th World U20 ch"]
[Site "Tarvisio ITA"]
[Date "2017.11.20"]
[Round "7.38"]
[White "Mohammad, Nubairshah Shaikh"]
[Black "Holtman, Teodor"]
[Result "0-1"]
[WhiteElo "2394"]
[BlackElo "2296"]
[EventDate "2017.11.13"]
[PlyCount "78"]

1.d4 f5 2.Nf3 Nf6 3.c4 d6 4.Nc3 g6 5.Bf4 Bg7 6.h3 O-O 7.e3 Nc6 8.Bh2 e6 9.
Be2 Qe7 10.O-O Nd8 11.Rc1 Nf7 12.Qc2 g5 13.c5 Bd7 14.b4 g4 15.hxg4 Nxg4 
16.Bg3 Kh8 17.Rfe1 Rg8 18.e4 Bh6 19.exf5 Ne3 20.fxe3 Rxg3 21.Qe4 Rag8 22.
Bf1 R8g4 23.Qxb7 Nd8 24.cxd6 cxd6 25.f6 Qxf6 26.Qxd7 Qxf3 27.Rc2 Bxe3+ 28.
Rxe3 Qxe3+ 29.Rf2 Rg8 30.Qxd6 Qxc3 31.Qe5+ R3g7 32.b5 Qg3 33.Qc5 Nf7 34.
Qh5 Ng5 35.Rf6 Qe3+ 36.Kh1 Ne4 37.Rf3 Ng3+ 38.Rxg3 Rxg3 39.Qh4 R3g6 0-1

[Event "56th World U20 ch"]
[Site "Tarvisio ITA"]
[Date "2017.11.20"]
[Round "7.39"]
[White "Taalaibekov, Tagir"]
[Black "Nikitenko, Mikhail"]
[Result "1-0"]
[WhiteElo "2219"]
[BlackElo "2376"]
[EventDate "2017.11.13"]
[PlyCount "95"]

1.d4 d5 2.Nf3 Nf6 3.c4 c6 4.e3 e6 5.Nbd2 Nbd7 6.Bd3 Bd6 7.O-O O-O 8.e4 e5 
9.cxd5 cxd5 10.exd5 exd4 11.Nc4 Nb6 12.Bg5 Nbxd5 13.Nxd4 Bf4 14.Bh4 Qc7 
15.Bg3 Bg4 16.Qb3 Rad8 17.Be2 Bxg3 18.hxg3 Nb6 19.Nf3 Bxf3 20.gxf3 Rfe8 
21.Ne3 Rd2 22.Bb5 Red8 23.Rad1 h5 24.Rxd2 Rxd2 25.Qb4 Qd8 26.Re1 g6 27.Ng2
Rd1 28.Bf1 Rxe1 29.Qxe1 Qd5 30.Nf4 Qxa2 31.Qe7 Qxb2 32.Nd3 Qb3 33.Qxf6 Nd7
34.Qd8+ Nf8 35.Ne5 Qb6 36.Qxb6 axb6 37.Bc4 Kg7 38.Nxf7 b5 39.Bb3 Nd7 40.
Nd8 b6 41.Nc6 Kf6 42.f4 h4 43.gxh4 Nc5 44.Bc2 Ne6 45.f5 gxf5 46.Kg2 Ng7 
47.Kf3 Kg6 48.Nd4 1-0

[Event "56th World U20 ch"]
[Site "Tarvisio ITA"]
[Date "2017.11.20"]
[Round "7.40"]
[White "Doluweera, Minul Sanjula"]
[Black "Saiyn, Zhanat"]
[Result "1/2-1/2"]
[WhiteElo "2154"]
[BlackElo "2374"]
[EventDate "2017.11.13"]
[PlyCount "74"]

1.d4 Nf6 2.c4 e6 3.Nf3 d5 4.Nc3 a6 5.c5 b6 6.cxb6 cxb6 7.Bf4 Bd6 8.Bxd6 
Qxd6 9.e3 Nbd7 10.Bd3 Bb7 11.O-O O-O 12.Nd2 Rfc8 13.Qe2 b5 14.a3 Nb6 15.
Nb3 Nfd7 16.Na5 Qb8 17.a4 Nc4 18.Nxb7 Qxb7 19.axb5 axb5 20.Rxa8 Qxa8 21.
Nxb5 Qa2 22.Rb1 Ndb6 23.h4 Qa5 24.Nc3 g6 25.h5 Kg7 26.Nd1 Qb4 27.Rc1 Ra8 
28.g3 Ra2 $11 29.Rc2 Ra1 30.Kg2 f5 31.hxg6 hxg6 32.Nc3 Ra7 33.Nb1 Kf6 34.
Nd2 Nxd2 35.Rxd2 Rb7 36.Bb5 Rc7 37.Qd3 Rc1 1/2-1/2

[Event "56th World U20 ch"]
[Site "Tarvisio ITA"]
[Date "2017.11.20"]
[Round "7.41"]
[White "Sidhant, Mohapatra"]
[Black "Peng Hongchi"]
[Result "1/2-1/2"]
[WhiteElo "2371"]
[BlackElo "2223"]
[EventDate "2017.11.13"]
[PlyCount "103"]

1.g3 g6 2.Bg2 Bg7 3.e4 c5 4.Ne2 Nc6 5.d3 e6 6.Nbc3 Nge7 7.Be3 Nd4 8.O-O 
Nec6 9.Qd2 d6 10.Nd1 Qa5 11.Nxd4 Qxd2 12.Bxd2 cxd4 13.f4 Bd7 14.c4 a5 15.
Nf2 O-O 16.Rfc1 Rfb8 17.b3 Ra6 18.a3 b5 19.c5 dxc5 20.e5 c4 21.bxc4 f5 22.
exf6 Bxf6 23.cxb5 Rxb5 24.Rc2 Rab6 25.Rac1 Rb1 26.Bxc6 Rxc1+ 27.Rxc1 Rxc6 
28.Rxc6 Bxc6 29.Bxa5 Kf7 30.Bb4 e5 31.Ne4 exf4 32.gxf4 Bg7 33.Kf2 Ke6 34.
Kg3 Kd5 35.Kf3 h5 36.Nc5 Bf8 37.Nb3 Bh6 38.Nc5 Bf8 39.Ne4 Bh6 40.Kg3 Bb5 
41.Nf2 Ke6 42.Kf3 Bc6+ 43.Ne4 Kf5 44.Bd2 Bf8 45.Bb4 Bh6 46.Bd6 Bg7 47.h3 
Bh8 48.Bb4 Bg7 49.Be7 Bh8 50.Bh4 Bg7 51.Bf2 Bh8 52.Bh4 1/2-1/2

[Event "56th World U20 ch"]
[Site "Tarvisio ITA"]
[Date "2017.11.20"]
[Round "7.42"]
[White "Krishna Teja, N."]
[Black "Tuomainen, Felix"]
[Result "1-0"]
[WhiteElo "2363"]
[BlackElo "2214"]
[EventDate "2017.11.13"]
[PlyCount "67"]

1.d4 Nf6 2.c4 e6 3.Nc3 Bb4 4.Qc2 b6 5.a3 Bxc3+ 6.Qxc3 Bb7 7.Nf3 d6 8.g3 
Qe7 9.Bg2 O-O 10.O-O c5 11.Rd1 Nbd7 12.dxc5 Nxc5 13.b4 Nce4 14.Qd4 d5 15.
cxd5 Rfd8 16.Qe3 Bxd5 17.h3 Rac8 18.Bb2 Nd6 19.Ne5 Bxg2 20.Kxg2 Nf5 21.Qf3
Qe8 22.Ng4 Nxg4 23.hxg4 Ne7 24.Rdc1 Rxc1 25.Rxc1 Qd7 26.g5 Qd2 27.Rc7 Qxg5
28.Bc1 Qg6 29.Rxe7 h6 30.Rxa7 Rd1 31.Be3 e5 32.Ra8+ Kh7 33.g4 f5 34.Qxf5 
1-0

[Event "56th World U20 ch"]
[Site "Tarvisio ITA"]
[Date "2017.11.20"]
[Round "7.43"]
[White "Pang Tao"]
[Black "Batsuren, Dambasuren"]
[Result "0-1"]
[WhiteElo "2192"]
[BlackElo "2352"]
[EventDate "2017.11.13"]
[PlyCount "92"]

1.Nf3 Nf6 2.c4 b6 3.g3 Bb7 4.Bg2 e6 5.O-O Be7 6.d4 O-O 7.Qc2 c5 8.dxc5 
bxc5 9.Nc3 Nc6 10.Rd1 Qc8 11.a3 Rd8 12.Bf4 d6 13.Bg5 Rb8 14.Rab1 h6 15.
Bxf6 Bxf6 16.Ne4 Be7 17.e3 Qc7 18.g4 Na5 19.Ned2 Ba8 20.h3 Rb6 21.b4 Nb7 
22.b5 d5 23.a4 Nd6 24.Rbc1 Rc8 25.Ne1 Rbb8 26.Nd3 a6 27.bxa6 Qa5 28.cxd5 
c4 29.Nf4 c3 30.dxe6 Bxg2 31.exf7+ Nxf7 32.Kxg2 cxd2 33.Qxc8+ Rxc8 34.
Rxc8+ Kh7 35.Rxd2 Bd6 36.Rd4 Qxa6 37.Rc2 Be5 38.Rb4 Ng5 39.h4 Qa8+ 40.Kg1 
Nf3+ 41.Kf1 Nh2+ 42.Ke2 Qf3+ 43.Kd3 Nxg4 44.Re4 Qd1+ 45.Rd2 Nxf2+ 46.Kc4 
Qxa4+ 0-1

[Event "56th World U20 ch"]
[Site "Tarvisio ITA"]
[Date "2017.11.20"]
[Round "7.44"]
[White "Schoppen, Casper"]
[Black "Willathgamuwa, Kevin"]
[Result "1/2-1/2"]
[WhiteElo "2432"]
[BlackElo "1996"]
[EventDate "2017.11.13"]
[PlyCount "108"]

1.d4 d5 2.c4 c6 3.Nf3 Nf6 4.Nc3 e6 5.Bg5 Be7 6.e3 O-O 7.Rc1 h6 8.Bxf6 Bxf6
9.Bd3 Nd7 10.O-O dxc4 11.Bxc4 c5 12.Ne4 cxd4 13.Nxf6+ Nxf6 14.Nxd4 Qb6 15.
Qb3 Bd7 16.Qxb6 axb6 17.a3 Rfc8 18.Be2 Bc6 19.Rfd1 Nd5 20.Bf3 Kf8 21.h4 
Rab8 22.Rc4 Ne7 23.Rdc1 Bxf3 24.Nxf3 Rxc4 25.Rxc4 Rc8 26.Ne5 Ke8 27.Rxc8+ 
Nxc8 28.h5 Nd6 29.Kf1 f6 30.Nd3 Ne4 31.Ke2 Kd7 32.g4 Kd6 33.f3 Nc5 34.Kd2 
Nxd3 35.Kxd3 Kd5 36.Kc3 Kc5 37.b4+ Kc6 38.Kd4 b5 39.Ke4 Kd7 40.Kd4 Kd6 41.
e4 e5+ 42.Ke3 Ke6 43.Ke2 Kd6 44.Ke3 Ke6 45.Ke2 Kf7 46.Ke3 g6 47.hxg6+ Kxg6
48.Kf2 h5 49.Kg3 hxg4 50.Kxg4 f5+ 51.Kh4 fxe4 52.fxe4 Kh6 53.Kg4 Kg6 54.
Kh4 Kh6 1/2-1/2